| 000 | 00903nas a2200289 4500 | ||
|---|---|---|---|
| 001 | BR2016000394 | ||
| 003 | BR-BrBNA | ||
| 005 | 20231205130044.0 | ||
| 007 | ta | ||
| 008 | 230509b bl.|||p| |||| 00| 00por d | ||
| 040 |
_aBR-BrBNA _bpor _cBiblioteca Nacional de Agricultura |
||
| 041 | _a(En) | ||
| 072 | _aL72 | ||
| 100 | 1 | _aFerreira, F.A. da S. | |
| 100 | 1 | _aArcos, A.N. | |
| 100 | 1 | _aSampaio, R.T. de M. | |
| 100 | 1 | _aRodrigues, I.B. | |
| 100 | 1 | _aTadei, W.P. | |
| 245 | 1 | _aEffect of Bacillus sphaericus Neide on Anopheles (Diptera: Culicidae)and associated insect fauna in fish ponds in the Amazon | |
| 650 | _aINSETO | ||
| 650 | _aFAUNA | ||
| 650 | _aBIOLOGIA | ||
| 650 | _aBACTERIA | ||
| 773 | 0 |
_tRevista Brasileira de Entomologia (Brazil) _xISSN 0085-5626 _g(Jul-Sep 2015), v. 59(3) p. 234-239 _wBR2016000394 |
|
| 909 |
_a202311 _bLúcia _c55 _dLúcia Elande |
||
| 942 |
_2AGRIS _n0 _cANA |
||
| 999 |
_c247669 _d247669 |
||